| 000 | 00813cam a22002771 4500 | ||
|---|---|---|---|
| 999 |
_c7376 _d7376 |
||
| 001 | 7376 | ||
| 003 | BD-JhCC | ||
| 005 | 20221110134023.0 | ||
| 008 | 711213s1950 nyua j 000 1 eng | ||
| 035 | _a(BD-JhCC)7376 | ||
| 035 | _a(OCoLC)181519 | ||
| 040 |
_aDLC _cOKentU _dOCoLC _dDLC _dBD-JhCC |
||
| 041 | _aeng | ||
| 050 | 0 | 0 |
_aPZ7.F532 _bPau |
| 082 |
_bFIS 1958 _a849 |
||
| 100 | 1 |
_aFisher, Dorothy Canfield, _d1879-1958. |
|
| 245 | 1 | 0 |
_aPaul Revere and the minute men / _cDorothy Canfield Fisher illustrated by Norman Price. |
| 260 |
_aNew York, _bRandom House _c[1950] |
||
| 300 |
_a181 p. _bcol. illus. _c22 cm. |
||
| 490 | 0 | _aLandmark books [4] | |
| 600 | 1 | 0 |
_aRevere, Paul, _d1735-1818 |
| 650 |
_aAmerican Revolution _y1775-1783 |
||
| 700 | _aPrice, Norman | ||
| 942 |
_2ddc _cBK _01 |
||